[Event "1SM"]
[Site "Sharjah Chess Club"]
[Date "2017.03.26"]
[Round "4.26"]
[White "Nadimifar, Adnan"]
[Black "Maghsoodloo, Parham"]
[Result "0-1"]
[BlackElo "2576"]
[WhiteElo "2219"]
[LiveChessVersion "1.4.8"]

1. e4 {[%clk 1:40:57]} d6 {[%clk 1:38:15]} 2. d4 {[%clk 1:41:03]} g6
{[%clk 1:38:37]} 3. Nc3 {[%clk 1:41:11]} Bg7 {[%clk 1:39:00]} 4. Be3
{[%clk 1:39:13]} a6 {[%clk 1:38:51]} 5. a4 {[%clk 1:38:38]} a5 {[%clk 1:39:08]}
6. Nf3 {[%clk 1:38:23]} c6 {[%clk 1:38:50]} 7. h3 {[%clk 1:36:44]} Nd7
{[%clk 1:34:34]} 8. Qd2 {[%clk 1:36:57]} Qb6 {[%clk 1:28:42]} 9. Bc4
{[%clk 1:35:40]} e6 {[%clk 1:28:06]} 10. O-O {[%clk 1:33:02]} d5 {[%clk 1:25:14]}
11. exd5 {[%clk 1:31:28]} cxd5 {[%clk 1:25:26]} 12. Nb5 {[%clk 1:27:46]} Ne7
{[%clk 1:17:55]} 13. Bd3 {[%clk 1:21:56]} O-O {[%clk 1:15:12]} 14. Bf4
{[%clk 1:22:22]} Nf6 {[%clk 0:55:04]} 15. Bc7 {[%clk 1:22:25]} Qa6
{[%clk 0:55:24]} 16. Bd6 {[%clk 1:17:37]} Re8 {[%clk 0:55:25]} 17. Be5
{[%clk 1:17:52]} Ne4 {[%clk 0:51:18]} 18. Bxe4 {[%clk 1:17:33]} dxe4 19. Nc7
{[%clk 1:16:50]} Qc6 {[%clk 0:52:16]} 20. Nxe8 {[%clk 1:16:30]} Qxe8
{[%clk 0:52:45]} 21. Bxg7 {[%clk 1:16:34]} exf3 {[%clk 0:53:13]} 22. Bf6
{[%clk 1:15:05]} fxg2 {[%clk 0:53:35]} 23. Rfe1 {[%clk 1:15:17]} Nf5
{[%clk 0:51:49]} 24. Re5 {[%clk 1:15:17]} Bd7 {[%clk 0:49:39]} 25. Rae1
{[%clk 1:14:17]} Qf8 {[%clk 0:49:52]} 26. Rxa5 {[%clk 1:12:28]} h6
{[%clk 0:50:15]} 27. Qb4 {[%clk 1:09:34]} Rxa5 {[%clk 0:49:31]} 28. Qxa5
{[%clk 1:10:02]} g5 {[%clk 0:50:00]} 29. c3 {[%clk 1:04:31]} Nh4 {[%clk 0:48:06]}
30. Re3 {[%clk 1:04:55]} Bc6 {[%clk 0:48:35]} 31. Qd8 {[%clk 1:05:02]} Qxd8
{[%clk 0:48:49]} 32. Bxd8 {[%clk 1:05:30]} Bxa4 {[%clk 0:49:17]} 33. Bc7
{[%clk 0:56:02]} Bc6 {[%clk 0:48:51]} 34. Bg3 {[%clk 0:56:15]} Nf3+
{[%clk 0:48:43]} 35. Kxg2 {[%clk 0:54:47]} Nxd4+ {[%clk 0:49:07]} 36. Kf1
{[%clk 0:53:43]} Nf5 {[%clk 0:47:14]} 37. Re1 {[%clk 0:51:24]} Bd5
{[%clk 0:47:13]} 38. Ra1 {[%clk 0:49:18]} f6 {[%clk 0:47:16]} 39. Ra4
{[%clk 0:49:14]} e5 {[%clk 0:46:25]} 40. c4 {[%clk 0:48:46]} Bf3 {[%clk 0:46:38]}
41. b4 {[%clk 0:47:30]} Kf7 {[%clk 0:43:50]} 42. b5 {[%clk 0:47:31]} Nd4
{[%clk 0:43:45]} 43. Ke1 {[%clk 0:45:39]} Ke6 {[%clk 0:40:07]} 44. Kd2
{[%clk 0:45:24]} f5 {[%clk 0:39:30]} 45. Ra8 {[%clk 0:45:49]} f4 {[%clk 0:38:49]}
46. Rh8 {[%clk 0:45:48]} h5 {[%clk 0:38:41]} 47. Bh2 {[%clk 0:44:13]} h4
{[%clk 0:37:00]} 48. Kc3 {[%clk 0:41:32]} Be4 {[%clk 0:35:32]} 49. Rg8
{[%clk 0:35:14]} Nf3 {[%clk 0:34:26]} 50. c5 {[%clk 0:35:40]} Kf7
{[%clk 0:29:59]} 51. Rc8 {[%clk 0:26:36]} Nxh2 {[%clk 0:29:36]} 52. c6
{[%clk 0:26:44]} bxc6 {[%clk 0:30:04]} 53. b6 {[%clk 0:27:07]} c5
{[%clk 0:30:29]} 54. Kc4 {[%clk 0:27:36]} g4 {[%clk 0:21:41]} 55. hxg4
{[%clk 0:27:56]} Kg7 {[%clk 0:21:12]} 56. Rc7+ {[%clk 0:17:16]} Kg6
{[%clk 0:21:25]} 57. b7 {[%clk 0:16:06]} Bxb7 {[%clk 0:21:46]} 58. Rxb7
{[%clk 0:16:35]} Nxg4 {[%clk 0:15:36]} 59. f3 {[%clk 0:14:28]} Nh2
{[%clk 0:15:33]} 60. Rb3 {[%clk 0:10:16]} e4 {[%clk 0:04:30]} 61. fxe4
{[%clk 0:09:43]} f3 {[%clk 0:04:59]} 62. Rb2 {[%clk 0:09:16]} Ng4
{[%clk 0:05:28]} 63. Kd3 {[%clk 0:07:20]} h3 {[%clk 0:05:39]} 64. Rb8
{[%clk 0:06:22]} h2 {[%clk 0:05:54]} 65. Rb1 {[%clk 0:06:40]} Nf2+
{[%clk 0:05:28]} 66. Ke3 {[%clk 0:06:55]} h1=Q {[%clk 0:05:51]} 67. Rxh1
{[%clk 0:07:21]} Nxh1 {[%clk 0:06:17]} 68. Kxf3 {[%clk 0:07:47]} Kf6
{[%clk 0:06:41]} 69. Kg2 {[%clk 0:07:47]} c4 {[%clk 0:07:00]} 0-1

[Event "1SM"]
[Site "Sharjah Chess Club"]
[Date "2017.03.26"]
[Round "4.27"]
[White "Dutta, Joydeep"]
[Black "Fier, Alexandr"]
[Result "0-1"]
[BlackElo "2568"]
[WhiteElo "2145"]
[LiveChessVersion "1.4.8"]

1. d4 {[%clk 1:39:35]} Nf6 {[%clk 1:40:51]} 2. c4 {[%clk 1:39:07]} g6
{[%clk 1:41:17]} 3. Nc3 {[%clk 1:39:33]} d5 {[%clk 1:41:43]} 4. cxd5
{[%clk 1:39:36]} Nxd5 {[%clk 1:42:08]} 5. Bd2 {[%clk 1:40:02]} Nb6
{[%clk 1:42:00]} 6. Nf3 {[%clk 1:39:28]} Bg7 {[%clk 1:42:23]} 7. Bf4
{[%clk 1:38:01]} O-O {[%clk 1:35:47]} 8. e3 {[%clk 1:36:00]} c5 {[%clk 1:35:17]}
9. dxc5 {[%clk 1:30:23]} N6d7 {[%clk 1:35:06]} 10. Be2 {[%clk 1:23:30]} Nc6
{[%clk 1:32:46]} 11. O-O {[%clk 1:20:22]} Nxc5 {[%clk 1:32:49]} 12. Qxd8
{[%clk 1:08:35]} Rxd8 {[%clk 1:33:12]} 13. Rfd1 {[%clk 1:08:56]} Bf5
{[%clk 1:33:31]} 14. Bc7 {[%clk 1:01:46]} Rxd1+ {[%clk 1:32:21]} 15. Rxd1
{[%clk 1:02:05]} Rc8 {[%clk 1:32:46]} 16. Bg3 {[%clk 1:01:00]} Bxc3
{[%clk 1:33:08]} 17. bxc3 {[%clk 1:01:23]} Ne4 {[%clk 1:33:33]} 18. Rc1
{[%clk 0:40:21]} Nb4 {[%clk 1:33:56]} 19. c4 {[%clk 0:40:11]} Nxa2
{[%clk 1:34:05]} 20. Ra1 {[%clk 0:40:36]} Nac3 {[%clk 1:34:07]} 21. Bf1
{[%clk 0:41:03]} Nxg3 {[%clk 1:33:46]} 22. hxg3 {[%clk 0:41:14]} a6
{[%clk 1:34:12]} 23. Nd4 {[%clk 0:32:55]} Bd7 {[%clk 1:34:37]} 24. Ra3
{[%clk 0:30:18]} Ne4 {[%clk 1:34:07]} 25. Be2 {[%clk 0:25:26]} Nd6
{[%clk 1:31:40]} 26. Rc3 {[%clk 0:19:53]} Ba4 {[%clk 1:31:30]} 27. Ra3
{[%clk 0:16:19]} Be8 {[%clk 1:31:54]} 28. Rc3 {[%clk 0:15:55]} e5
{[%clk 1:31:56]} 29. Nb3 {[%clk 0:15:44]} Ne4 {[%clk 1:30:22]} 30. Rc1
{[%clk 0:12:05]} Ba4 {[%clk 1:30:08]} 31. Na1 {[%clk 0:04:28]} b5
{[%clk 1:30:30]} 32. Bf3 {[%clk 0:04:42]} Nd2 {[%clk 1:30:20]} 33. Bb7
{[%clk 0:04:48]} Rc5 {[%clk 1:30:19]} 34. Bxa6 {[%clk 0:05:03]} b4
{[%clk 1:30:43]} 0-1

[Event "1SM"]
[Site "Sharjah Chess Club"]
[Date "2017.03.26"]
[Round "4.28"]
[White "Vantika, Agrawal"]
[Black "Santos Latasa, Jaime"]
[Result "1/2-1/2"]
[BlackElo "2565"]
[WhiteElo "2130"]
[LiveChessVersion "1.4.8"]

1. d4 {[%clk 1:40:46]} Nf6 {[%clk 1:40:55]} 2. Nf3 {[%clk 1:41:11]} e6
{[%clk 1:41:21]} 3. c4 {[%clk 1:41:31]} d5 {[%clk 1:41:46]} 4. g3
{[%clk 1:41:47]} Bb4+ {[%clk 1:42:11]} 5. Bd2 {[%clk 1:41:44]} Bd6
{[%clk 1:42:38]} 6. Bg2 {[%clk 1:39:34]} O-O {[%clk 1:42:54]} 7. O-O
{[%clk 1:37:49]} Nbd7 {[%clk 1:42:56]} 8. Qc2 {[%clk 1:32:38]} c6
{[%clk 1:42:55]} 9. Rd1 {[%clk 1:26:31]} Qe7 {[%clk 1:41:41]} 10. Bg5
{[%clk 0:48:47]} h6 {[%clk 1:40:54]} 11. Bxf6 {[%clk 0:45:05]} Nxf6
{[%clk 1:41:16]} 12. Nbd2 {[%clk 0:43:23]} b6 {[%clk 1:40:09]} 13. e4
{[%clk 0:40:43]} dxe4 {[%clk 1:40:11]} 14. Nxe4 {[%clk 0:39:22]} Nd7
{[%clk 1:33:32]} 15. c5 {[%clk 0:34:19]} Bc7 {[%clk 1:28:34]} 16. cxb6
{[%clk 0:33:30]} Bxb6 {[%clk 1:28:03]} 17. Ne5 {[%clk 0:26:09]} Nxe5
{[%clk 1:23:36]} 18. dxe5 {[%clk 0:26:09]} Bd7 {[%clk 1:23:29]} 19. Rd3
{[%clk 0:04:40]} Rad8 {[%clk 1:20:28]} 20. Rad1 {[%clk 0:04:23]} Bc8
{[%clk 1:19:21]} 21. Nd6 {[%clk 0:01:38]} Ba6 {[%clk 1:17:23]} 22. Ra3
{[%clk 0:01:25]} Bb5 {[%clk 1:17:06]} 23. Rf3 {[%clk 0:00:44]} Bc7
{[%clk 1:15:11]} 24. a4 {[%clk 0:00:46]} Ba6 {[%clk 1:15:11]} 25. Rc3
{[%clk 0:00:36]} Bxd6 {[%clk 1:11:23]} 26. exd6 {[%clk 0:01:03]} Rxd6
{[%clk 1:11:45]} 27. Rxd6 {[%clk 0:01:16]} Qxd6 {[%clk 1:12:10]} 28. Rxc6
{[%clk 0:01:34]} Qd3 {[%clk 1:12:13]} 29. Qxd3 {[%clk 0:01:30]} Bxd3
{[%clk 1:12:31]} 30. b4 {[%clk 0:00:44]} e5 {[%clk 1:11:32]} 31. b5
{[%clk 0:00:41]} e4 {[%clk 1:11:12]} 32. Rc7 {[%clk 0:00:34]} f5 {[%clk 1:10:42]}
33. Bf1 {[%clk 0:00:34]} Ra8 {[%clk 1:08:17]} 34. Bxd3 {[%clk 0:00:36]} exd3
{[%clk 1:08:39]} 35. Rd7 {[%clk 0:00:53]} Rc8 {[%clk 1:09:01]} 36. Rxd3
{[%clk 0:01:08]} Rc1+ {[%clk 1:09:15]} 37. Kg2 {[%clk 0:01:33]} Ra1
{[%clk 1:09:35]} 38. Rd4 {[%clk 0:01:19]} Kf8 {[%clk 1:09:52]} 39. Kf3
{[%clk 0:00:48]} Ke7 {[%clk 1:10:11]} 40. Rc4 {[%clk 0:00:36]} Kd7
{[%clk 1:10:15]} 41. Kf4 {[%clk 0:00:42]} Ra2 {[%clk 1:10:17]} 42. f3
{[%clk 0:00:36]} Rxh2 {[%clk 1:09:45]} 43. Rc6 {[%clk 0:00:39]} a5
{[%clk 1:08:11]} 44. Ra6 {[%clk 0:00:38]} Rf2 {[%clk 1:06:55]} 45. Rxa5
{[%clk 0:00:50]} g5+ {[%clk 1:07:20]} 46. Kxf5 {[%clk 0:00:37]} Rxf3+
{[%clk 1:07:45]} 47. Kg4 {[%clk 0:00:35]} Rb3 {[%clk 1:07:51]} 48. Ra6
{[%clk 0:00:35]} h5+ {[%clk 1:08:11]} 49. Kxg5 {[%clk 0:00:49]} Rxg3+
{[%clk 1:08:29]} 50. Kxh5 {[%clk 0:01:15]} Kc7 {[%clk 1:08:31]} 51. Rc6+
{[%clk 0:00:46]} Kb7 {[%clk 1:08:47]} 52. Rc4 {[%clk 0:00:49]} Kb6
{[%clk 1:08:54]} 53. Rg4 {[%clk 0:00:55]} Rh3+ {[%clk 1:08:09]} 54. Kg5
{[%clk 0:01:19]} Ka5 {[%clk 1:08:35]} 55. Kf5 {[%clk 0:00:53]} Rh5+
{[%clk 1:08:28]} 56. Kg6 {[%clk 0:00:48]} Rh1 {[%clk 1:08:26]} 57. Rc4
{[%clk 0:00:48]} Rf1 {[%clk 1:08:48]} 58. Kg5 {[%clk 0:01:08]} Rf2
{[%clk 1:09:09]} 59. Rf4 {[%clk 0:01:27]} Rh2 {[%clk 1:09:34]} 60. Kg4
{[%clk 0:01:10]} Rh1 {[%clk 1:09:21]} 61. Kf3 {[%clk 0:01:00]} Rh3+
{[%clk 1:09:40]} 62. Kg2 {[%clk 0:01:14]} Rc3 {[%clk 1:10:03]} 63. Rd4
{[%clk 0:01:21]} Rb3 {[%clk 1:10:23]} 64. Kf2 {[%clk 0:01:41]} Rh3
{[%clk 1:10:44]} 65. Ke2 {[%clk 0:01:21]} Rg3 {[%clk 1:10:47]} 66. Kd2
{[%clk 0:00:41]} Rh3 {[%clk 1:10:51]} 67. Kc2 {[%clk 0:00:53]} Rg3
{[%clk 1:11:13]} 68. Kb2 {[%clk 0:00:34]} Rh3 {[%clk 1:11:36]} 69. Rc4
{[%clk 0:00:39]} Rg3 {[%clk 1:11:55]} 70. Rc3 {[%clk 0:00:34]} Rg4
{[%clk 1:11:51]} 71. Rb3 {[%clk 0:00:33]} Kxb5 72. axb5 1/2-1/2

[Event "1SM"]
[Site "Sharjah Chess Club"]
[Date "2017.03.26"]
[Round "4.29"]
[White "Pichot, Alan"]
[Black "Gagare, Shalmali"]
[Result "1-0"]
[BlackElo "2077"]
[WhiteElo "2556"]
[LiveChessVersion "1.4.8"]

1. e4 {[%clk 1:40:56]} e6 {[%clk 1:40:24]} 2. d4 {[%clk 1:41:17]} d5
{[%clk 1:40:39]} 3. Nc3 {[%clk 1:41:36]} Nf6 {[%clk 1:40:53]} 4. e5
{[%clk 1:41:56]} Nfd7 {[%clk 1:41:09]} 5. f4 {[%clk 1:42:14]} c5 {[%clk 1:41:16]}
6. Nf3 {[%clk 1:42:32]} Nc6 {[%clk 1:41:24]} 7. Be3 {[%clk 1:42:44]} Be7
{[%clk 1:41:11]} 8. a3 {[%clk 1:42:54]} O-O {[%clk 1:39:46]} 9. dxc5
{[%clk 1:42:48]} Bxc5 {[%clk 1:38:56]} 10. Bxc5 {[%clk 1:43:05]} Nxc5
{[%clk 1:39:13]} 11. b4 {[%clk 1:43:22]} Nd7 {[%clk 1:34:24]} 12. Bd3
{[%clk 1:43:20]} f6 {[%clk 1:17:54]} 13. O-O {[%clk 1:42:49]} fxe5
{[%clk 1:03:34]} 14. Bxh7+ {[%clk 1:42:47]} Kxh7 {[%clk 1:02:01]} 15. Ng5+
{[%clk 1:43:09]} Kg8 {[%clk 1:01:19]} 16. Nxe6 {[%clk 1:43:28]} Qb6+
{[%clk 0:53:51]} 17. Kh1 {[%clk 1:42:37]} Ne7 {[%clk 0:40:28]} 18. Nxf8
{[%clk 1:42:44]} Nxf8 {[%clk 0:40:34]} 19. Nxd5 {[%clk 1:42:47]} Nxd5
{[%clk 0:34:05]} 20. Qxd5+ {[%clk 1:43:10]} Qe6 {[%clk 0:32:59]} 21. Qxe5
{[%clk 1:41:16]} Qxe5 {[%clk 0:32:56]} 22. fxe5 {[%clk 1:41:39]} Be6
{[%clk 0:31:34]} 23. Rad1 {[%clk 1:36:38]} Re8 {[%clk 0:27:26]} 24. Rd4
{[%clk 1:29:38]} Nd7 {[%clk 0:22:48]} 25. h3 {[%clk 1:13:49]} Nxe5
{[%clk 0:13:34]} 26. Re1 {[%clk 1:13:50]} Nc6 {[%clk 0:11:34]} 27. Rde4
{[%clk 1:14:02]} Kf7 {[%clk 0:11:03]} 28. b5 {[%clk 1:12:06]} Na5
{[%clk 0:10:00]} 29. Kg1 {[%clk 1:10:11]} b6 {[%clk 0:07:41]} 30. Rf4+
{[%clk 1:03:43]} Kg6 {[%clk 0:05:08]} 31. g4 {[%clk 0:52:41]} Re7
{[%clk 0:02:42]} 32. Ra4 {[%clk 0:49:10]} Kf7 {[%clk 0:02:28]} 33. Kh2
{[%clk 0:48:18]} Rc7 {[%clk 0:02:07]} 34. Rf4+ {[%clk 0:48:11]} Ke7
{[%clk 0:02:07]} 35. Rfe4 {[%clk 0:48:23]} Rxc2+ {[%clk 0:02:01]} 36. Kg3
{[%clk 0:48:20]} Rc3+ {[%clk 0:01:43]} 37. Kh4 {[%clk 0:48:24]} Rxa3
{[%clk 0:01:07]} 38. Rxe6+ {[%clk 0:48:48]} Kf7 {[%clk 0:01:29]} 39. Re7+
{[%clk 0:49:07]} Kg6 {[%clk 0:01:48]} 40. Rxa7 {[%clk 0:49:24]} Rb3
{[%clk 0:00:45]} 41. Re6+ {[%clk 0:49:38]} Kh7 {[%clk 0:01:08]} 42. Ree7
{[%clk 0:49:55]} Rxb5 {[%clk 0:01:01]} 43. Rxg7+ {[%clk 0:50:19]} Kh8
{[%clk 0:01:04]} 44. Rgc7 {[%clk 0:50:38]} 1-0

[Event "1SM"]
[Site "Sharjah Chess Club"]
[Date "2017.03.26"]
[Round "4.30"]
[White "Pranav, Anand"]
[Black "Schroeder, Jan-Christian"]
[Result "0-1"]
[BlackElo "2543"]
[WhiteElo "2083"]
[LiveChessVersion "1.4.8"]

1. e4 {[%clk 1:39:58]} e5 {[%clk 1:40:53]} 2. Nf3 {[%clk 1:40:23]} Nc6
{[%clk 1:41:19]} 3. Bb5 {[%clk 1:40:47]} a6 {[%clk 1:41:43]} 4. Ba4
{[%clk 1:41:11]} Nf6 {[%clk 1:42:07]} 5. O-O {[%clk 1:41:30]} Be7
{[%clk 1:42:33]} 6. Re1 {[%clk 1:41:55]} b5 {[%clk 1:42:57]} 7. Bb3
{[%clk 1:42:20]} d6 {[%clk 1:43:22]} 8. c3 {[%clk 1:42:45]} O-O {[%clk 1:43:47]}
9. h3 {[%clk 1:43:11]} Nb8 {[%clk 1:44:13]} 10. d4 {[%clk 1:43:35]} Nbd7
{[%clk 1:44:38]} 11. Nbd2 {[%clk 1:43:59]} Bb7 {[%clk 1:45:03]} 12. Bc2
{[%clk 1:44:24]} Re8 {[%clk 1:45:18]} 13. a4 {[%clk 1:44:44]} Bf8
{[%clk 1:45:08]} 14. Bd3 {[%clk 1:44:51]} c6 {[%clk 1:45:33]} 15. b3
{[%clk 1:45:13]} g6 {[%clk 1:44:22]} 16. Bb2 {[%clk 1:45:27]} Nh5
{[%clk 1:43:00]} 17. Bf1 {[%clk 1:43:31]} Nf4 {[%clk 1:42:08]} 18. Qc2
{[%clk 1:43:09]} Rc8 {[%clk 1:41:24]} 19. Rad1 {[%clk 1:42:28]} Qb6
{[%clk 1:37:30]} 20. c4 {[%clk 1:27:12]} Bg7 {[%clk 1:34:18]} 21. dxe5
{[%clk 1:21:12]} dxe5 {[%clk 1:32:36]} 22. b4 {[%clk 1:10:09]} Rcd8
{[%clk 1:21:39]} 23. Nb3 {[%clk 0:57:13]} Ne6 {[%clk 1:16:10]} 24. Na5
{[%clk 0:46:48]} Ba8 {[%clk 1:08:39]} 25. Bc3 {[%clk 0:39:11]} c5
{[%clk 0:53:12]} 26. cxb5 {[%clk 0:33:06]} Nd4 {[%clk 0:52:57]} 27. Bxd4
{[%clk 0:32:19]} exd4 28. Nc6 {[%clk 0:30:42]} Bxc6 {[%clk 0:50:43]} 29. bxc6
{[%clk 0:31:03]} Qxc6 {[%clk 0:50:34]} 30. Nxd4 {[%clk 0:30:37]} Qb6
{[%clk 0:47:08]} 31. bxc5 {[%clk 0:29:16]} Qxc5 {[%clk 0:44:54]} 32. Qxc5
{[%clk 0:28:34]} Nxc5 {[%clk 0:45:22]} 33. Nf3 {[%clk 0:26:51]} Rxd1
{[%clk 0:40:26]} 34. Rxd1 {[%clk 0:27:15]} Rxe4 {[%clk 0:40:48]} 35. Rd8+
{[%clk 0:26:47]} Bf8 {[%clk 0:41:16]} 36. Rd4 {[%clk 0:26:30]} Re8
{[%clk 0:39:43]} 37. Bc4 {[%clk 0:24:02]} Kg7 {[%clk 0:38:52]} 38. g3
{[%clk 0:19:54]} f6 39. Nd2 {[%clk 0:17:17]} Re1+ {[%clk 0:30:39]} 40. Kg2
{[%clk 0:17:38]} Ra1 {[%clk 0:30:43]} 41. Bf1 {[%clk 0:17:15]} f5
{[%clk 0:29:45]} 42. g4 {[%clk 0:12:43]} Kf6 {[%clk 0:29:31]} 43. gxf5
{[%clk 0:12:35]} gxf5 {[%clk 0:28:16]} 44. Rd8 {[%clk 0:09:14]} Be7
{[%clk 0:27:54]} 45. Rd4 {[%clk 0:09:05]} Ra2 {[%clk 0:28:06]} 46. Kf3
{[%clk 0:08:35]} Ne6 {[%clk 0:23:28]} 47. Rd5 {[%clk 0:08:12]} Bb4
{[%clk 0:19:07]} 48. Nc4 {[%clk 0:06:45]} Ng5+ {[%clk 0:19:31]} 49. Ke3
{[%clk 0:06:42]} f4+ {[%clk 0:18:31]} 50. Kd4 {[%clk 0:05:39]} Ne6+
{[%clk 0:18:47]} 51. Ke4 {[%clk 0:05:46]} Ng5+ {[%clk 0:16:25]} 52. Kd4
{[%clk 0:05:22]} Rxf2 {[%clk 0:15:46]} 53. Bd3 {[%clk 0:05:48]} Ne6+
{[%clk 0:14:50]} 54. Ke4 {[%clk 0:06:17]} Nc5+ {[%clk 0:09:13]} 55. Kd4
{[%clk 0:06:45]} Nxd3 {[%clk 0:09:35]} 56. Kxd3 {[%clk 0:07:09]} Ra2
{[%clk 0:08:58]} 57. Ke4 {[%clk 0:07:10]} Rxa4 {[%clk 0:07:59]} 58. Rf5+
{[%clk 0:06:04]} Ke6 {[%clk 0:08:23]} 59. Nb6 {[%clk 0:06:28]} Ra3
{[%clk 0:07:11]} 60. Rxf4 {[%clk 0:06:38]} Rxh3 {[%clk 0:06:34]} 61. Nd5
{[%clk 0:06:55]} a5 {[%clk 0:02:09]} 62. Rf6+ {[%clk 0:06:23]} Kd7
{[%clk 0:02:38]} 63. Rb6 {[%clk 0:05:35]} Rh1 {[%clk 0:01:27]} 64. Kf3
{[%clk 0:04:41]} Bd6 {[%clk 0:01:39]} 65. Ra6 {[%clk 0:04:50]} Ra1
{[%clk 0:01:42]} 66. Nf6+ {[%clk 0:04:49]} Ke7 {[%clk 0:02:11]} 67. Nxh7
{[%clk 0:04:04]} a4 {[%clk 0:02:39]} 68. Ng5 {[%clk 0:03:59]} a3 {[%clk 0:02:36]}
69. Ra7+ {[%clk 0:04:08]} Ke8 70. Ne6 {[%clk 0:03:53]} Re1 {[%clk 0:01:15]} 71.
Nd4 {[%clk 0:03:45]} Bc5 {[%clk 0:01:37]} 72. Ra8+ {[%clk 0:04:13]} Kd7
{[%clk 0:02:02]} 73. Nc2 {[%clk 0:04:10]} Rc1 {[%clk 0:02:26]} 74. Nxa3
{[%clk 0:03:02]} Rc3+ {[%clk 0:02:55]} 75. Ke4 {[%clk 0:03:19]} Bxa3
{[%clk 0:03:23]} 76. Kd4 {[%clk 0:03:40]} Rh3 {[%clk 0:03:42]} 77. Rb8
{[%clk 0:03:58]} Bd6 {[%clk 0:03:51]} 78. Rb5 {[%clk 0:04:06]} Ke6
{[%clk 0:03:47]} 79. Ra5 {[%clk 0:04:23]} Rh4+ {[%clk 0:03:58]} 80. Kd3
{[%clk 0:04:51]} Be5 {[%clk 0:03:59]} 81. Rb5 {[%clk 0:05:00]} Kf5
{[%clk 0:04:11]} 82. Ra5 {[%clk 0:05:23]} Rd4+ {[%clk 0:04:33]} 83. Ke3
{[%clk 0:05:30]} Rc4 {[%clk 0:04:53]} 84. Rd5 {[%clk 0:05:22]} Rc2
{[%clk 0:03:17]} 85. Rd8 {[%clk 0:04:39]} Bf4+ {[%clk 0:03:35]} 86. Kf3
{[%clk 0:05:06]} Rc3+ {[%clk 0:04:01]} 87. Ke2 {[%clk 0:05:14]} Ke4
{[%clk 0:04:29]} 88. Re8+ {[%clk 0:05:39]} Be5 {[%clk 0:04:54]} 89. Kd2
{[%clk 0:05:42]} Rb3 {[%clk 0:05:23]} 90. Kc1 {[%clk 0:05:33]} Rb5
{[%clk 0:03:25]} 91. Kc2 {[%clk 0:03:59]} Rb2+ {[%clk 0:03:53]} 92. Kc1
{[%clk 0:04:24]} Rg2 {[%clk 0:04:13]} 93. Kb1 {[%clk 0:04:21]} Kd4
{[%clk 0:04:21]} 94. Rd8+ {[%clk 0:04:49]} Kc3 {[%clk 0:04:44]} 95. Rd5
{[%clk 0:03:20]} Bd4 {[%clk 0:04:40]} 96. Rb5 {[%clk 0:03:26]} Kd3
{[%clk 0:02:41]} 97. Rb3+ {[%clk 0:02:25]} Bc3 {[%clk 0:04:18]} 98. Rb5
{[%clk 0:02:36]} Rg1+ {[%clk 0:04:15]} 99. Ka2 {[%clk 0:02:59]} Kc4
{[%clk 0:04:00]} 100. Rb1 {[%clk 0:03:12]} Rg2+ {[%clk 0:04:12]} 101. Ka3
{[%clk 0:03:34]} Rg5 {[%clk 0:04:00]} 0-1

[Event "1SM"]
[Site "Sharjah Chess Club"]
[Date "2017.03.26"]
[Round "4.31"]
[White "Xu, Yinglun"]
[Black "Nayak, Rajesh"]
[Result "1-0"]
[BlackElo "2034"]
[WhiteElo "2540"]
[LiveChessVersion "1.4.8"]

1. d4 {[%clk 1:40:57]} Nf6 {[%clk 1:40:37]} 2. c4 {[%clk 1:41:17]} g6
{[%clk 1:41:00]} 3. Nc3 {[%clk 1:41:40]} Bg7 {[%clk 1:41:23]} 4. e4
{[%clk 1:42:04]} d6 {[%clk 1:41:48]} 5. Be2 {[%clk 1:42:30]} O-O {[%clk 1:42:10]}
6. Nf3 {[%clk 1:42:52]} e5 {[%clk 1:42:31]} 7. O-O {[%clk 1:43:15]} Nc6
{[%clk 1:42:57]} 8. d5 {[%clk 1:43:39]} Ne7 {[%clk 1:43:22]} 9. Bg5
{[%clk 1:44:01]} h6 {[%clk 1:43:46]} 10. Bd2 {[%clk 1:44:26]} c5 {[%clk 1:44:11]}
11. Qc1 {[%clk 1:43:12]} g5 {[%clk 1:42:14]} 12. h4 {[%clk 1:43:04]} g4
{[%clk 1:27:06]} 13. Nh2 {[%clk 1:42:17]} h5 {[%clk 1:19:58]} 14. g3
{[%clk 1:42:33]} Nh7 {[%clk 1:19:41]} 15. f3 {[%clk 1:40:28]} f5 {[%clk 1:17:31]}
16. Qe1 {[%clk 1:37:36]} Nf6 {[%clk 0:53:48]} 17. Bg5 {[%clk 1:33:42]} Nh7
{[%clk 0:52:29]} 18. Bxe7 {[%clk 1:32:09]} Qxe7 {[%clk 0:52:46]} 19. exf5
{[%clk 1:32:36]} gxf3 {[%clk 0:41:58]} 20. Bxf3 {[%clk 1:32:49]} Rxf5
{[%clk 0:40:11]} 21. Ne4 {[%clk 1:32:56]} Bd7 {[%clk 0:39:02]} 22. Qe2
{[%clk 1:32:55]} Be8 {[%clk 0:38:06]} 23. Bg2 {[%clk 1:31:44]} Rxf1+
{[%clk 0:37:28]} 24. Rxf1 {[%clk 1:32:03]} Bg6 {[%clk 0:37:46]} 25. Bf3
{[%clk 1:30:54]} Rf8 {[%clk 0:35:30]} 26. Bxh5 {[%clk 1:30:23]} Rxf1+
{[%clk 0:35:17]} 27. Nxf1 {[%clk 1:30:40]} Bxe4 {[%clk 0:35:06]} 28. Qxe4
{[%clk 1:30:53]} Nf6 {[%clk 0:35:30]} 29. Qf5 {[%clk 1:31:17]} Nxh5
{[%clk 0:35:53]} 30. Qxh5 {[%clk 1:31:38]} e4 {[%clk 0:36:20]} 31. Qe2
{[%clk 1:29:09]} e3 {[%clk 0:32:03]} 32. b3 {[%clk 1:19:50]} Qe4 {[%clk 0:31:06]}
33. Nxe3 {[%clk 1:14:52]} Bd4 {[%clk 0:31:34]} 34. Kf2 {[%clk 1:15:17]} a6
{[%clk 0:16:04]} 35. Qf3 {[%clk 1:14:24]} Qc2+ {[%clk 0:14:24]} 36. Ke1
{[%clk 1:14:21]} Qxa2 {[%clk 0:11:10]} 37. Nf5 {[%clk 1:11:35]} Be5
{[%clk 0:10:12]} 38. h5 {[%clk 1:12:00]} Qb1+ {[%clk 0:07:57]} 39. Kf2
{[%clk 1:11:55]} Qc2+ {[%clk 0:08:24]} 40. Kf1 {[%clk 1:11:56]} Qc1+
{[%clk 0:08:45]} 41. Kg2 {[%clk 1:12:21]} Qg5 {[%clk 0:09:06]} 42. Kh3
{[%clk 1:10:23]} b5 {[%clk 0:09:05]} 43. Ne3 {[%clk 1:03:39]} Kg7
{[%clk 0:07:12]} 44. Nf5+ {[%clk 1:02:47]} Kh7 {[%clk 0:07:02]} 45. Nh4
{[%clk 1:01:54]} bxc4 {[%clk 0:05:04]} 46. bxc4 {[%clk 1:00:03]} a5
{[%clk 0:05:26]} 47. Qf7+ {[%clk 1:00:11]} Bg7 {[%clk 0:04:33]} 48. Nf5
{[%clk 0:58:52]} Qf6 {[%clk 0:03:46]} 49. Qxf6 {[%clk 0:58:34]} Bxf6
{[%clk 0:04:15]} 50. Nxd6 {[%clk 0:59:00]} a4 {[%clk 0:03:50]} 51. Nb5
{[%clk 0:59:25]} Kg7 {[%clk 0:04:09]} 52. Kg4 {[%clk 0:59:40]} Bb2
{[%clk 0:04:32]} 53. Kf5 {[%clk 0:59:27]} Kf7 {[%clk 0:04:59]} 54. g4
{[%clk 0:58:49]} a3 {[%clk 0:05:24]} 55. Nxa3 {[%clk 0:59:16]} Bxa3
{[%clk 0:05:53]} 56. d6 {[%clk 0:59:32]} Bb2 {[%clk 0:05:40]} 57. g5
{[%clk 0:59:46]} Bc3 {[%clk 0:04:56]} 58. h6 {[%clk 1:00:03]} Bd2
{[%clk 0:05:11]} 59. g6+ {[%clk 1:00:25]} Kg8 {[%clk 0:05:28]} 60. d7 1-0